000 00765nam a2200265 4500
003 OSt
005 20260530113850.0
008 260418b1999 xxua|||| |||| 00| 0 eng d
020 _a0868407534
040 _aICI
_bspa
_cICI
041 _aspa
050 _aNK1505
_bD474 1999
100 1 _aTony Fry
_931184
240 _aDesign in crisis :
_leng
245 1 0 _aA new design philosophy :
_ban introduction to defaturing /
_cTony Fry
260 _aAbingdon, Oxon
_b Routledge
_c2021
264 1 _bRoutledge
_c1999
_aAbingdon, Oxon
300 _a304 páginas
336 _atexto
_2rdacontent
337 _asin medio
_2rdamedia
338 _avolumen
_2rdacarrier
650 _aDiseño
_xFilosofía
_931185
650 _aCrisis (Filosofía)
_931186
942 _2ddc
_cBK
999 _c11438
_d11438